Normal view
MARC view
- Hernandez, Steven
Entry Personal Name
001 - CONTROL NUMBER
- control field: 95208
003 - CONTROL NUMBER IDENTIFIER
- control field: NUST
005 - DATE AND TIME OF LATEST TRANSACTION
- control field: 20220726130828.0
008 - FIXED-LENGTH DATA ELEMENTS
- fixed length control field: 220726|| aca||aabn | a|a d
040 ## - CATALOGING SOURCE
- Original cataloging agency: NUST
- Transcribing agency: NUST
100 ## - HEADING--PERSONAL NAME
- Personal name: Hernandez, Steven
670 ## - SOURCE DATA FOUND
- Source citation: Work cat.: (NUST)215438: Official (ISC)2 Guide to the CISSP CBK /
